000 00487nam a2200169Ia 4500
003 GCL
008 140319s9999 xx 000 0 ara d
040 _aGCL /
_cGCL
082 0 4 _aط
_b920.71
_bغ ا
100 1 _aغسان سلق
245 1 0 _aنابليون بونابرت /
_cغسان سلق
490 _aاعلام مبرزون
_v0
650 0 4 _aالتراجم الذاتية
650 0 4 _aالرجال - تراجم
650 0 4 _aبونابرت , نابليون
942 _2ddc
_cBK
999 _c42352
_d42352